000 00373nam a22001337a 4500
005 20240809164029.0
008 240809b |||||||| |||| 00| 0 eng d
041 _aeng
082 _bPAT
100 _aPathak shweta- 2K221116 & Dr. Prashant Mamarde-Guide
_9208197
245 _aA Study of Individual Financial Planning
260 _aPune
_bSPPU
_cMarch-2024
942 _cPR
999 _c359436
_d359436